| 000 | 00856nam a22003130a 4500 | ||
|---|---|---|---|
| 001 | PT28404 | ||
| 003 | AR-LpoUNG | ||
| 005 | 20210131233430.0 | ||
| 008 | 191001s1985||||xxu|||||||||||||||||eng d | ||
| 020 |
_a0226981657 _c$36 |
||
| 040 |
_aAR-LpoUNG _bspa _cAR-LpoUNG _eaacr |
||
| 041 | _aeng | ||
| 044 | _axxu | ||
| 082 | 0 | _a508 58sev | |
| 100 | 1 | _aZerubavel, Eviatar | |
| 245 | 1 | 4 |
_aThe seven day circle : _bthe history and meaning of the week |
| 250 | _a1º edición | ||
| 260 |
_aNew York : _bUniversity of Chicago, _c1985. |
||
| 300 |
_axiii, 206 p. : _bgráfs., mapas |
||
| 650 | 4 | _aANALISIS HISTORICO | |
| 650 | 4 | _aANALISIS SOCIOLOGICO | |
| 650 | 4 | _aASPECTOS SOCIALES | |
| 650 | 4 | _aFACTORES CULTURALES | |
| 650 | 4 | _aHISTORIA | |
| 651 | 4 | _aDOCUMENTOS TEORICOS O METODOLOGICOS | |
| 653 | _aSEMANA | ||
| 905 | _a28404 | ||
| 942 | _cLIB | ||
| 999 |
_c20610 _d20610 |
||